The 1995 Market Briefing: What is my/that pub worth? ... 31 May 1995, Cafe Royal, London W1. (Record no. 93250)
[ view plain ]
| 000 -LEADER | |
|---|---|
| fixed length control field | 01821cam a2200433 4500 |
| 001 - CONTROL NUMBER | |
| control field | J3138 |
| 008 - FIXED-LENGTH DATA ELEMENTS--GENERAL INFORMATION | |
| fixed length control field | 090401t1995 xxu||||| |||| 00| 0 eng d |
| 035 ## - SYSTEM CONTROL NUMBER | |
| System control number | (Sirsi) u53310 |
| 041 ## - LANGUAGE CODE | |
| Language code of text/sound track or separate title | eng |
| 050 ## - LIBRARY OF CONGRESS CALL NUMBER | |
| Classification number | 333.332 |
| 110 ## - MAIN ENTRY--CORPORATE NAME | |
| Corporate name or jurisdiction name as entry element | Henry Stewart Conference Studies |
| 9 (RLIN) | 2099 |
| 245 #4 - TITLE STATEMENT | |
| Title | The 1995 Market Briefing: What is my/that pub worth? ... 31 May 1995, Cafe Royal, London W1. |
| 260 ## - PUBLICATION, DISTRIBUTION, ETC. | |
| Place of publication, distribution, etc. | London |
| Name of publisher, distributor, etc. | Henry Stewart Conference Studies |
| Date of publication, distribution, etc. | 1995 |
| 300 ## - PHYSICAL DESCRIPTION | |
| Extent | 118 leaves ; 30cm. |
| 350 ## - PRICE (NR) (BK AM CF MU VM SE) [OBSOLETE] | |
| Price | 0 |
| 520 ## - SUMMARY, ETC. | |
| Summary, etc. | Papers:- 1997 EU report./ TICKLE, G.- Capital valuation in accordance with the Valuation Guidance Notes (The White Book)./ GILLHAM, B. - Pub rents./ WRIGHTSON, D. - Funding sources and methods: what`s available, from whom and on what terms./ HEARD, C. - The rating revaluation and its consequences for values./ TATTERSALL, C. - The market now and tomorrow./ GARROOD, I. - Valuing the multi-pub owning business: an asset-based or PE-based valuation./ NAYLER, M. - Rent review: recent developments in the law./ MOLYNEUX, A. - How changes to the licensing laws will impact on trade and values: how to reap all the benefits./ GROVER, G. |
| 650 ## - SUBJECT ADDED ENTRY--TOPICAL TERM | |
| Topical term or geographic name entry element | BEER TIES |
| 650 ## - SUBJECT ADDED ENTRY--TOPICAL TERM | |
| Topical term or geographic name entry element | CAPITAL VALUATION |
| 650 ## - SUBJECT ADDED ENTRY--TOPICAL TERM | |
| Topical term or geographic name entry element | CONFERENCES |
| 650 ## - SUBJECT ADDED ENTRY--TOPICAL TERM | |
| Topical term or geographic name entry element | EUROPEAN COMMUNITY |
| 650 ## - SUBJECT ADDED ENTRY--TOPICAL TERM | |
| Topical term or geographic name entry element | FINANCE |
| 650 ## - SUBJECT ADDED ENTRY--TOPICAL TERM | |
| Topical term or geographic name entry element | HENRY STEWART MARKET BRIEFING |
| 650 ## - SUBJECT ADDED ENTRY--TOPICAL TERM | |
| Topical term or geographic name entry element | LEASES |
| 650 ## - SUBJECT ADDED ENTRY--TOPICAL TERM | |
| Topical term or geographic name entry element | LICENSED PREMISES |
| 650 ## - SUBJECT ADDED ENTRY--TOPICAL TERM | |
| Topical term or geographic name entry element | LICENSING LAW |
| 650 ## - SUBJECT ADDED ENTRY--TOPICAL TERM | |
| Topical term or geographic name entry element | MULTI-PUB OWNING BUSINESSES |
| 650 ## - SUBJECT ADDED ENTRY--TOPICAL TERM | |
| Topical term or geographic name entry element | PROPERTY INVESTMENT |
| 650 ## - SUBJECT ADDED ENTRY--TOPICAL TERM | |
| Topical term or geographic name entry element | PROPERTY MARKET |
| 650 ## - SUBJECT ADDED ENTRY--TOPICAL TERM | |
| Topical term or geographic name entry element | PUBLIC HOUSES |
| 650 ## - SUBJECT ADDED ENTRY--TOPICAL TERM | |
| Topical term or geographic name entry element | RATING REVALUATION |
| 650 ## - SUBJECT ADDED ENTRY--TOPICAL TERM | |
| Topical term or geographic name entry element | RENT REVIEWS |
| 650 ## - SUBJECT ADDED ENTRY--TOPICAL TERM | |
| Topical term or geographic name entry element | RENT |
| 650 ## - SUBJECT ADDED ENTRY--TOPICAL TERM | |
| Topical term or geographic name entry element | Valuation |
| 9 (RLIN) | 6273 |
| 650 ## - SUBJECT ADDED ENTRY--TOPICAL TERM | |
| Topical term or geographic name entry element | WHAT IS MY/THAT PUB WORTH? |
| 650 ## - SUBJECT ADDED ENTRY--TOPICAL TERM | |
| Topical term or geographic name entry element | WHITE BOOK |
| 690 ## - LOCAL SUBJECT ADDED ENTRY--TOPICAL TERM (OCLC, RLIN) | |
| Topical term or geographic name as entry element | RATING AND VALUATION |
| 942 ## - ADDED ENTRY ELEMENTS (KOHA) | |
| Suppress in OPAC | 0 |
| 948 ## - LOCAL PROCESSING INFORMATION (OCLC); SERIES PART DESIGNATOR (RLIN) | |
| c (OCLC) | 04/03/1997 |
| Withdrawn status | Lost status | Source of classification or shelving scheme | Damaged status | Not for loan | Home library | Current library | Shelving location | Date acquired | Total Checkouts | Full call number | Barcode | Date last seen | Date last checked out | Copy number | Price effective from | Koha item type |
|---|---|---|---|---|---|---|---|---|---|---|---|---|---|---|---|---|
| Dewey Decimal Classification | London | London | Basement | 26/07/1995 | 3 | BASEMENT | 30046175 | 06/08/2019 | 20/04/2005 | 1 | 06/08/2019 | Book |